A Bizantina (Record no. 44750)
[ view plain ]
| 000 -Etiqueta do registo | |
|---|---|
| Valores | 00644cam a2200241 04500 |
| 021 ## - Número do Depósito Legal | |
| Número | 20827/88 |
| 100 ## - Dados gerais de processamento | |
| Dados gerais | 19880404d1988 demy0pory5003 ba |
| 101 1# - Língua de publicação | |
| Língua | por |
| 102 ## - País de publicação | |
| País | PT |
| 200 1# - Titulo e menção de responsabilidade | |
| Título próprio | A Bizantina |
| Primeira menção de responsabilidade | Gilles Chaillet |
| Outras menções de responsabilidade | trad. Verónica Cunha |
| 210 #9 - Publicação | |
| Local de publicação | Porto |
| Nome do editor | Edinter, |
| Data de publicação | 1988 |
| 215 ## - Descrição física | |
| Paginação / Volumes | 48 p. |
| Outras indicações físicas | todo il. |
| Dimensões | 30 cm |
| 225 2# - Colecção | |
| Título próprio da colecção | Vasco |
| Indicação de volume | 3 |
| 300 ## - Notas gerais | |
| Texto da nota | Uma história do jornal TinTin |
| 675 ## - CDU | |
| Notação | 087.5 |
| Edição | med |
| Língua | por |
| 700 #1 - Autor principal | |
| Apelido | Chaillet, |
| Nome | Gilles, |
| Datas | 1946- |
| 702 #1 - Autor secundário | |
| Apelido | Cunha, |
| Nome | Verónica |
| Função | 730 |
| 702 #1 - Autor secundário | |
| Apelido | Patrícia, |
| Nome | Isabel |
| Função | 010 |
| 702 #1 - Autor secundário | |
| Apelido | Rocha, |
| Nome | Martins da |
| Função | 010 |
| 801 #0 - Fonte de origem | |
| País | PT |
| Agência | BN |
| Regras de catalogação | RPC |
| 990 ## - Elementos KOHA | |
| Tipo de documento | Livro |
| Aquisição | Empréstimo | Código de barras | Cota | Permissão de empréstimo | Tipo de documento | Nota relativa ao exemplar |
|---|---|---|---|---|---|---|
| Biblioteca Municipal de Redondo | Biblioteca Municipal de Redondo | 054844 | 087.5 CHA | Livro | obra em B.D. | |
| Biblioteca Municipal de Redondo | Biblioteca Municipal de Redondo | 054845 | 087.5 CHA | Livro | depósito. Obra em B.D. |